000 00763nam a2200241Ia 4500
003 OSt
005 20220925235333.0
006 a|||||r|||| 00| 0
007 ta
008 220923b |||||||| |||| 00| 0 eng d
020 _a9788189524579
_c45
037 _b877, 12/03/2013, Pranami Book Service
_cGeneral Book
040 _aRTL
_cRTL
_beng
041 _2eng
_aeng
082 _aY5927, Q0
100 _aALOYSIUS G
_914271
245 0 _aDalit-subaltern self-identifications
_b Iyothee Thassar and Tamizhan.
260 _a New Delhi
_bCritical Quest
_c2010
300 _a64p. Bib: p 63-64
_ccm.
650 _aSociology
942 _hY5927, Q0
_cGB
_2CC
999 _c597185
_d597185